000 008640000a22002410004500
005 20231120093408.0
008 230817t1987 ||||| |||| 00| 0 eng d
020 _a019282080X
080 _a363.7
_bWOR
082 _a363.7
_bWOR
110 _a World Commission on Environment and Development
245 _aOur common future:
_bworld commssion on environment and development
260 _aOxford:
_bOxford University Press,
_c1987
300 _axv, 400 p. ; 21 cm.
_bIndex included
650 _aECONOMIC DEVELOPMENT-Environmental aspects
650 _aNature -- Effect of human beings on
650 _aHuman ecology
650 _aEnvironmental policy -Australia
650 _aEconomic policy-Australia
650 _aSustainable development
856 _uhttps://sustainabledevelopment.un.org/content/documents/5987our-common-future.pdf
942 _cRP
999 _c2464
_d2464